000 00921nam a2200325Mi 4500
001 58974
005 20230410124106.0
008 080411s2008 fr 000 0 fre d
035 _a(OCoLC)ocn226166224
040 _aTZT
_cTZT
020 _a9782130558903
020 _a2130558909
029 0 _aTZT
_bJTL00222507
035 _a(OCoLC)226166224
072 7 _aB
_2lcco
082 1 4 _a194
_21
049 _aGRAL
050 1 4 _aM734 2008
100 1 _aMontbrial, Thierry de.
245 1 2 _aL'action et le systáeme du monde /
_cThierry de Montbrial.
250 _a2eme édition mise áa jour.
260 _aParis :
_bPresses universitaires de France,
_c2008.
300 _axxxi, 526 p.
440 0 _aQuadrige .
_pGrands textes,
_x0291-0489
653 _aFrench Philosophy
938 _aJean Touzot Libraire Editeur
_bTOUZ
_nJTL00222507
_c19 EUR
942 _2lcc
_cbk
946 _aclperez
994 _aC0
_bDRFGD
999 _c70829
_d70829